| 000 | 00354nam a2200145Ia 4500 | ||
|---|---|---|---|
| 008 | 230312s9999||||xx |||||||||||||| ||und|| | ||
| 020 | _a9781292065298 | ||
| 082 |
_a658.403 _bKRO-M |
||
| 100 | _aParsons | ||
| 245 | 0 | _aPractical computer literacy | |
| 260 |
_bPearson _c2015 |
||
| 300 | _a429 | ||
| 650 |
_aManagement _vDatabase management |
||
| 942 | _cBK | ||
| 999 |
_c18250 _d18250 |
||